000 00296nam a2200121Ia 4500
008 240624s9999 xx 000 0 und d
041 _aeng
082 _a823 SIN
100 _aSINGH ABHISHEK NARAYAN
245 _aRABT THE CONNECTION
260 _c2019
_aNagpur
_bPrakshep Prakashan
365 _cRS
999 _c31826
_d31826